| 000 | 00685cem a2200157 4500 | ||
|---|---|---|---|
| 008 | 700603r19681850fr a 0 fre | ||
| 010 | _agm 70000644 | ||
| 020 | _c$5.00 | ||
| 050 | 0 | 0 |
_aG5834.B3465 1272 _b.V4 1968 |
| 100 | 1 |
_aVerneilh, F. de. _97660 |
|
| 245 | 0 | 0 |
_aPlan partial de la ville de Beaumont en Périgord (Dordogne) _bTreizième siècle (1272) _cDessiné par F. de Verneilh; Gravé par T. Olivier. |
| 260 |
_aParis, _bAnnales archéologiques _c[1850?] _aIthaca, N.Y. _bHistoric Urban Plans, _c1968. |
||
| 500 | _aFacsimile. | ||
| 500 | _a"Reproduced ... from the original in the Cornell University Library." | ||
| 500 | _a"This is number 8 of an edition limited to 500 copies." | ||
| 999 |
_c12234 _d12234 |
||